Реализация стимулов к труду в агропромышленном комплексе: Вопросы теории и методологии

Detalhes bibliográficos
Autor principal: Максимов Я. Я. Яков Яковлевич
Resumo:Исключено из фонда НТБ ТПУ
Idioma:russo
Publicado em: Казань, Изд-во Казанского ун-та, 1990
Formato: MixedMaterials Livro
KOHA link:https://koha.lib.tpu.ru/cgi-bin/koha/opac-detail.pl?biblionumber=154979

MARC

LEADER 00000nam0a2200000 4500
001 154979
005 20231031152144.0
010 |a 5746404101 
035 |a (RuTPU)RU\TPU\book\168092 
090 |a 154979 
100 |a 20090307d1990 m y0rusy50 ca 
101 0 |a rus 
102 |a RU 
105 |a y z 000zy 
200 1 |a Реализация стимулов к труду в агропромышленном комплексе: Вопросы теории и методологии  |f Я. Я. Максимов 
210 |a Казань  |c Изд-во Казанского ун-та  |d 1990 
215 |a 304 с. 
333 |a Исключено из фонда НТБ ТПУ 
700 1 |a Максимов  |b Я. Я.  |g Яков Яковлевич 
801 1 |a RU  |b 63413507  |c 20090307  |g PSBO 
801 2 |a RU  |b 63413507  |c 20170123  |g PSBO 
942 |c BK